[Event "Heusenstamm Sparkassen op U14 6th"]
[Site "Heusenstamm"]
[Date "2019.11.23"]
[Round "4"]
[White "Ilievski, Kiril"]
[Black "Akcapinar, Timur"]
[Result "1-0"]
[WhiteElo "753"]
[BlackElo "1106"]
[PlyCount "97"]
[EventDate "2019.11.21"]
[EventType "swiss"]
[EventRounds "7"]
[EventCountry "GER"]
[SourceTitle "CBM 194 Extra"]
[Source "ChessBase"]
[SourceDate "2020.03.31"]
[SourceVersion "1"]
[SourceVersionDate "2020.03.31"]
[SourceQuality "1"]

1. d4 d6 2. Nf3 Nf6 3. e3 g6 4. Bb5+ Bd7 5. Bxd7+ Qxd7 6. Nbd2 Bg7 7. h3 0-0 8. 0-0 Nc6 9. b3 Rfc8 10. Bb2 b5 11. Qe2 Rab8 12. Rab1 a5 13. a4 bxa4 14. bxa4 Rb7 15. Nc4 Rcb8 16. Qd2 d5 17. Nxa5 Nxa5 18. Qxa5 Rxb2 19. Rxb2 Rxb2 20. Ne5 Qd6 21. Qa8+ Bf8 22. a5 Rxc2 23. a6 Ra2 24. a7 Qb6 25. Nc6 Ne4 26. g3 Nd2 27. Rd1 Ne4 28. Nxe7+ Kg7 29. Nc8 Qa6 30. Qxd5 Qf6 31. f4 Nxg3 32. Qxa2 Qh4 33. a8Q Qxh3 34. Q8g2 Qxg2+ 35. Kxg2 Ne4 36. Qd5 Nf6 37. Qc6 Ng4 38. Kf3 Nh2+ 39. Kg3 Ng4 40. Kxg4 h5+ 41. Kg5 Kh7 42. Qf6 Bh6+ 43. Kh4 c5 44. dxc5 g5+ 45. fxg5 Bxg5+ 46. Kxg5 h4 47. Kxh4 Kg8 48. Rd8+ Kh7 49. Rh8# 1-0

[Event "GER-ch U25-C"]
[Site "Willingen"]
[Date "2019.06.12"]
[Round "5"]
[White "Akcapinar, Timur"]
[Black "Laag, Elena"]
[Result "0-1"]
[WhiteElo "852"]
[BlackElo "841"]
[PlyCount "136"]
[EventDate "2019.06.08"]
[EventType "swiss"]
[EventRounds "9"]
[EventCountry "GER"]
[SourceTitle "CBM 191 Extra"]
[Source "ChessBase"]
[SourceDate "2019.09.30"]
[SourceVersion "1"]
[SourceVersionDate "2019.09.30"]
[SourceQuality "1"]

1. e4 e6 2. Nf3 d5 3. exd5 exd5 4. d4 Bd6 5. Bd3 Nf6 6. 0-0 Nc6 7. Qe2+ Qe7 8. Qxe7+ Nxe7 9. Bg5 Bf5 10. Bxf6 gxf6 11. Bxf5 Nxf5 12. Re1+ Be7 13. Nc3 c6 14. a4 0-0-0 15. g4 Rhg8 16. h3 Rde8 17. Rab1 Nd6 18. b4 a6 19. b5 Nc4 20. bxa6 bxa6 21. a5 Nxa5 22. Rb6 Bd8 23. Rxe8 Rxe8 24. Rxa6 Kb7 25. Rxa5 Bxa5 26. Na4 Re2 27. Nc5+ Kc8 28. Nb3 Bb4 29. Kf1 Rxc2 30. g5 Rb2 31. Nc1 Rc2 32. Nd3 Be7 33. Nfe1 Rc3 34. gxf6 Bxf6 35. Kg2 Bxd4 36. Kf3 Bc5 37. Kf4 Bd6+ 38. Kf5 Be7 39. f4 h5 40. h4 Bxh4 41. Ke5 Be7 42. f5 Kd7 43. f6 Bd6+ 44. Kf5 c5 45. Kg5 c4 46. Nf2 Ke6 47. Nd1 Rh3 48. Nf2 Rh2 49. Nd1 Be5 50. Nf3 Rh3 51. Nxe5 Kxe5 52. Nf2 Rg3+ 53. Kxh5 Kxf6 54. Kh4 Rg8 55. Nd1 Ke5 56. Nc3 d4 57. Ne2 d3 58. Nc3 Kd4 59. Nd1 d2 60. Kh3 Kd3 61. Nf2+ Ke2 62. Ng4 d1Q 63. Nf6 Qg1 64. Nxg8 Qxg8 65. Kh4 Kf3 66. Kh5 Kf4 67. Kh6 Kf5 68. Kh5 Qg5# 0-1